LEADER 00938nam0-22002771i-450- 001 990003088310403321 035 $a000308831 035 $aFED01000308831 035 $a(Aleph)000308831FED01 035 $a000308831 100 $a20000920d1965----km-y0itay50------ba 101 0 $aita 102 $aIT 200 1 $a<>governo della liquidità bancaria nelle esperienze italiane del secondo dopoguerra$fAlberto Bertoni. 210 $aMilano$cGiuffrè$d1965. 215 $a93 p.$d26 cm 225 1 $aCollana dell'Istituto di Economia Aziendale, Università Commerciale "L. Bocconi", Milano. Serie V$v2 676 $aJ/2.4 700 1$aBertoni,$bAlberto$f<1940- >$0104073 801 0$aIT$bUNINA$gRICA$2UNIMARC 901 $aBK 912 $a990003088310403321 952 $aJ/2.4 BER$b1272/I$fSES 959 $aSES 996 $aGoverno della liquidità bancaria nelle esperienze italiane del secondo dopoguerra$9460588 997 $aUNINA LEADER 00990nam a2200265 i 4500 001 991001958259707536 005 20020507154452.0 008 011023s2001 it ||| | ita 020 $a8821707539 035 $ab11588810-39ule_inst 035 $aLE02728069$9ExL 040 $aDip.to Studi Giuridici$bita 082 0 $a346.4501660269 100 1 $aBonavolontà, Luigi$0257977 245 10$aFormulario della separazione personale dei coniugi e del divorzio /$cLuigi Bonavolontà 260 $a[Milanofiori, Assago] :$bIPSOA,$c[2001] 300 $axx, 587 p. ;$c24 cm. 650 4$aDivorzio 650 4$aSeparazione coniugale 907 $a.b11588810$b02-04-14$c02-07-02 912 $a991001958259707536 945 $aLE027 346.45 BON01.01$g1$iLE027-9677$lle027$o-$pE0.00$q-$rl$s- $t0$u0$v0$w0$x0$y.i11798129$z02-07-02 996 $aFormulario della separazione personale dei coniugi e del divorzio$9896356 997 $aUNISALENTO 998 $ale027$b01-01-01$cm$da $e-$fita$git $h0$i1